000 00509nmm a2200169Ia 4500
008 251105s9999||||xx |||||||||||||||||und||
020 _a9789681675998
041 _aspa
100 _aKuhn, Thomas Samuel
245 0 _aLa estructura de las revoluciones científicas
264 _a[México D.C., Mexico] :
_bFondo de Cultura Económica,
_c2011
300 _a361 páginas
490 _aCiencia y Tecnología
650 _aSciences
856 _uhttps://public.digitaliapublishing.com/a/43060
942 _cCF
999 _c97021
_d97021